000 01730nam a2200205Ii 4500
008 221202s xx 000 0 und d
245 0 _aBeing Jewish in 21st-Century Germany
264 _bDe Gruyter Oldenbourg
_c2015
300 _a1 online resource
336 _atext
_btxt
_2rdacontent
337 _acomputer
_bc
_2rdamedia
338 _aonline resource
_bcr
_2rdacarrier
490 _aEuropäisch-jüdische Studien : Beiträge
520 _aAn unexpected immigration wave of Jews from the former Soviet Union mostly in the 1990s has stabilized and enlarged Jewish life in Germany. Jewish kindergartens and schools were opened, and Jewish museums, theaters, and festivals are attracting a wide audience. No doubt: Jews will continue to live in Germany. At the same time, Jewish life has undergone an impressing transformation in the second half of the 20th century&#8211 from rejection to acceptance, but not without disillusionments and heated debates. And while the ´new Jews of Germany,` 90 percent of them of Eastern European background, are already considered an important factor of the contemporary Jewish diaspora, they still grapple with the shadow of the Holocaust, with internal cultural clashes and with difficulties in shaping a new collective identity. What does it mean to live a Jewish life in present-day Germany? How are Jewish thoughts, feelings, and practices reflected in contemporary arts, literature, and movies? What wi
653 _aJewish Studies
700 1 _aFireberg, Haim
700 1 _aGlöckner, Olaf
856 _uhttps://docs.google.com/spreadsheets/d/1yKIrdCPDAG_9c22mwoOIO2DOhtj65Wqa/edit?usp=sharing&ouid=106555315294820607512&rtpof=true&sd=true
_yList of Curated E-Books
942 _cE-BOOK
999 _c91949
_d91946